|
|
|
|
| LEADER |
00769nam a2200217 a 4500 |
| 001 |
c000275586 |
| 003 |
CARM |
| 005 |
20071102092509.0 |
| 008 |
071102s1966 enk 000 1 eng d |
| 019 |
1 |
|
|a 686583
|z 50074744
|5 LACONCORD2021
|
| 035 |
|
|
|a (OCoLC)956337
|5 LACONCORD2021
|
| 040 |
|
|
|a VCAV
|b eng
|c VCAV
|
| 100 |
1 |
|
|a Ali, Ahmed,
|d 1910-1994.
|
| 245 |
1 |
0 |
|a Twilight in Delhi :
|b a novel /
|c by Ahmed Ali.
|
| 250 |
|
|
|a 2nd ed.
|
| 260 |
|
|
|a Oxford :
|b Oxford University Press,
|c 1966.
|
| 300 |
|
|
|a 290 p.
|
| 490 |
0 |
|
|a Champak library
|
| 852 |
8 |
|
|b CARM
|h A1:AM11C0
|i A04937
|p 0395435
|f BK
|
| 999 |
f |
f |
|i 38c24aa5-2e28-57fd-a662-2c848b894ed6
|s 54083990-0a45-5b1d-ae1a-287ffcfe561c
|
| 952 |
f |
f |
|p Can circulate
|a CAVAL
|b CAVAL
|c CAVAL
|d CARM 1 Store
|e A04937
|f A1:AM11C0
|h Other scheme
|i book
|m 0395435
|